Quiz - Les Présidents Africain - Statistiques

Statistiques générales
  • Ce quiz a été pris 62 fois
    60 depuis la dernière actualisation
  • Le résultat moyen est 5 sur 16
Statistiques - réponses
Par images Réponse % Correct
Paul Kagame
63%
Paul Biya
60%
Félix Tshisekedi
50%
Alassane Ouattara
48%
Macky Sall
48%
Denis Sassou-Nguesso
38%
Cyril Ramaphosa
29%
Abdelmadjid Tebboune
25%
Brice Clotaire Oligui
23%
Teodoro Obiang Nguema
19%
Mamadi Doumbouya
17%
Andy Rajoelina
8%
Samia Suluhu
8%
William Ruto
8%
Joao Lourenco
6%
José Maria Neves
2%
Aucun quiz correspondant
Distribution des résultats
% des personnes avec chaque résultat
Percentile par nombre de réponses
Votre historique - résultats
Vous n’avez pas pris ce quiz depuis la dernière actualisation